Normal view
MARC view
Entry Corporate Name
001 - CONTROL NUMBER
- control field: 1278
003 - CONTROL NUMBER IDENTIFIER
- control field: ARRUPE
005 - DATE AND TIME OF LATEST TRANSACTION
- control field: 20130925164536.0
008 - FIXED-LENGTH DATA ELEMENTS
- fixed length control field: 130925|| aca||aabn | a|a d
040 ## - CATALOGING SOURCE
- Original cataloging agency: ARRUPE
- Transcribing agency: ARRUPE
110 ## - HEADING--CORPORATE NAME
- Corporate name or jurisdiction name as entry element: Society for Promoting Christian Knowledge, London. [from old catalog]
670 ## - SOURCE DATA FOUND
- Source citation: Work cat.: (ARRUPE)0: Jones, Cheslyn Peter Montague. [from old catalog] 1276, A manual for Holy Week,, 1967.